C : How to program (Record no. 172079)
[ view plain ]
| 000 -LEADER | |
|---|---|
| fixed length control field | 00405nam a2200169Ia 4500 |
| 008 - FIXED-LENGTH DATA ELEMENTS--GENERAL INFORMATION | |
| fixed length control field | 231217s9999 xx 000 0 und d |
| 041 ## - LANGUAGE CODE | |
| Language code of text/sound track or separate title | English |
| 082 ## - DEWEY DECIMAL CLASSIFICATION NUMBER | |
| Classification number | 001.6424C DEI1;1 R |
| 100 ## - MAIN ENTRY--PERSONAL NAME | |
| Personal name | Deitel, H M. Deitel, P J. |
| 245 #0 - TITLE STATEMENT | |
| Title | C : How to program |
| 250 ## - EDITION STATEMENT | |
| Edition statement | 3rd ed. |
| 260 ## - PUBLICATION, DISTRIBUTION, ETC. | |
| Date of publication, distribution, etc. | 2001 |
| Name of publisher, distributor, etc. | PHI |
| Place of publication, distribution, etc. | New Delhi |
| 300 ## - PHYSICAL DESCRIPTION | |
| Extent | Li+1253 |
| 300 ## - PHYSICAL DESCRIPTION | |
| Dimensions | CD1343 |
| 650 ## - SUBJECT ADDED ENTRY--TOPICAL TERM | |
| Topical term or geographic name entry element | C++,:,program |
| 942 ## - ADDED ENTRY ELEMENTS (KOHA) | |
| Koha item type | Books |
| Date last seen | Total checkouts | Full call number | Accession number | Cost, total (INR) price | Price effective from | Category | Lost status | Damaged status | Department | Withdrawn status | Home library | Current library | Shelving location | Entry date | Vendor | Cost, normal purchase price | Grants | Billnumber | Billdate | Currency symbol | Conversion rate | Discount | Old discount |
|---|---|---|---|---|---|---|---|---|---|---|---|---|---|---|---|---|---|---|---|---|---|---|---|
| 26/01/2024 | 001.6424C DEI1;1 R | 27821 | 446.25 | 26/01/2024 | Books | Central Library | Central Library | Central Library | Central Library | 05/05/2004 | I K International | 595.00 | TC | 112 | 19/01/2006 | RS | 1 | 148.75 | 25 | ||||
| 26/01/2024 | 001.6424C DEI1;2 R1 | 27979 | 260.00 | 26/01/2024 | Books | CS | Central Library | Central Library | Central Library | 08/05/2004 | Book Paradise | 325.00 | CS | 18693 | 20/01/2006 | RS | 1 | 65 | 20 | ||||
| 26/01/2024 | 001.6424C DEI1;3 | 27980 | 260.00 | 26/01/2024 | Books | Central Library | Central Library | Central Library | Central Library | 08/05/2004 | Book Paradise | 325.00 | CS | 18693 | 20/01/2006 | RS | 1 | 65 | 20 | ||||
| 26/01/2024 | 001.6424C DEI1;4 | 27981 | 260.00 | 26/01/2024 | Books | Central Library | Central Library | Central Library | Central Library | 08/05/2004 | Book Paradise | 325.00 | CS | 18693 | 20/01/2006 | RS | 1 | 65 | 20 | ||||
| 26/01/2024 | 001.6424C DEI1;6 | 28250 | 446.25 | 26/01/2024 | Books | Central Library | Central Library | Central Library | Central Library | 22/05/2004 | I K International | 595.00 | IS | 200 | 06/03/2006 | RS | 1 | 148.75 | 25 | ||||
| 26/01/2024 | 001.6424C DEI;8 | 28251 | 243.75 | 26/01/2024 | Books | Central Library | Central Library | Central Library | Central Library | 22/05/2004 | I K International | 325.00 | IS | 200 | 06/03/2006 | RS | 1 | 81.25 | 25 |
